=LDR 00000nam 2200000 4500 =001 INLIS000000000039744 =005 20200903073839 =035 ##$$a 0010-061300000039744 =008 200903################g##########0#ind## =041 ##$$a ind =082 ##$$a 2X5.2 =090 ##$$a 2x5.2, Alh m.1 =100 ##$$a Al- Haddad, Syekh Abdullah Bin Umar =245 1#$$a Misteri ajaran ma'rifat ilmu sejati : $b Laku spiritual untuk menggali potensi daya linuwih (Khowwas) /$c Syekh Abdullah bin umar al-Haddad =260 ##$$a {s.l} :$b Mitra Press,$c 2007 =300 ##$$a Viii,285 Hlm ; $c 21 x 14 cm. =650 #4$$a TASAWUF =850 ##$$a NBPNMAT =084 ##$$a 2X5.2 Had m =990 ##$$a 21001375 =990 ##$$a 21106487 =990 ##$$a 21001374 =990 ##$$a 21106485